000
00316nam a2200145Ia 4500
008
221030s9999 xx 000 0 und d
041
_a
English
082
_a
105.23
100
_a
Deepa Sharma/81
245
0
_a
Real Estate Management
250
_a
2005
260
_a
Jabalpur
_c
2005
650
_a
MCA
942
_c
TH
999
_c
6148
_d
6148